| 000 | 00893nam a22002655i 4500 | ||
|---|---|---|---|
| 001 | 12353 | ||
| 003 | ES-MaACL | ||
| 005 | 20230906150308.0 | ||
| 007 | t| | ||
| 008 | 960402s1995 sp ||||0| spa j | ||
| 020 | _a84-88015-16-X | ||
| 040 |
_aM-BN _bspa _cM-BN |
||
| 080 | _a860-27"19"(082.2) | ||
| 245 | 0 | 0 |
_aMonólogos I / _c[coordinación general, Alberto Miralles ; edición, José Ramón Fernández]. |
| 260 |
_aMadrid : _bAsociación de Autores de Teatro, Departamento de Publicaciones, _cD.L. 1995. |
||
| 300 |
_a142 p. ; _c20 cm. |
||
| 490 | 1 |
_aTeatro asociado ; _v1 |
|
| 650 | 4 |
_aTeatro español- _yS.XX. _917356 |
|
| 700 | 1 |
_aMiralles, Alberto. _981482 |
|
| 700 | 1 |
_aFernández, José Ramón. _949388 |
|
| 710 | 2 |
_aAsociación de Autores de Teatro. _91565 |
|
| 830 | 0 |
_aTeatro asociado ; _v1 _9228293 |
|
| 852 |
_aES-MaACL _jL-19659 _bR.124551 |
||
| 999 |
_c12353 _d12353 |
||